Дело по прошению редактора еврейского журнала Гакармель о выписке его для еврейских училищ

Доступно только в Электронных читальных залах Найти на картеНа карте
RUSMARC
00003526nmc2a2200000 x 450
001d25a0a36-6c8b-4b42-96c6-b4d25b24eeaf
00520160706172736.0
100##$a20150812l18621862k l0rusy0189 ca
1010#$arus
102##$aRU
2001#$aДело по прошению редактора еврейского журнала Гакармель о выписке его для еврейских училищ
$j25 января 1862 г.
251##$cДело
300##$aДело
801#0$aRU
$bРГИА
$c20150812
$gRCR
801#1$aRU
$bГлавНИВЦ
$c20150812
$2rusmarc
801#2$aRU
$bПБ им. Б.Н. Ельцина
$c20160706
$gRCR
$2rusmarc
850##$aРГИА
852##$aРГИА
$eФедеральное казенное учреждение "Российский государственный исторический архив" (РГИА)
$j694
937##$hРГИА
$d12088247
$aASBIBLIO_SCAN
462#0$10012b27dfda-2c9d-44cf-86d6-db2e6106e749
$12001
$aДела по еврейским казенным училищам за 1856-1862 гг.
$1251
$cОпись
$1852
$j98
461#0$1001a74412a3-3cc5-4d21-8f0a-dfe2fbd9e72d
$12001
$aДепартамент народного просвещения Министерства народного просвещения (1803-1917)
$1251
$cФонд
$1852
$j733
215##$a4 л.
$d36,5x26 см
371##$aДокумент не является опубликованным и широко распространяемым
105##$aу###
1220#$ad
035##$ad25a0a36-6c8b-4b42-96c6-b4d25b24eeaf
Формат отображения